| 000 | 03111nam a2200205Ia 4500 | ||
|---|---|---|---|
| 999 |
_c7945 _d7945 |
||
| 005 | 20241024103425.0 | ||
| 008 | 230425s9999 xx 000 0 und d | ||
| 020 | _a9684326777 | ||
| 040 |
_aUPAN _cBiblioteca San Vicente _eRCAA2 |
||
| 041 | _aspa | ||
| 082 |
_a341.026 _bP164t _c1991 |
||
| 100 |
_aPallares, Eduardo _4aut. |
||
| 245 | 0 |
_aTratado de las acciones ciiviles./ _bEduardo Pallares |
|
| 250 | _a6° ed. | ||
| 260 |
_aMexico: _bPorrúa, _c1991 |
||
| 300 |
_a572 p.: _c24 cm. |
||
| 505 | _aLa acciòn a travès de la historia I. Los tres perìodos del derecho procesal romano II. Las acciones de la ley III. Del perìodo formulario IV. La acciòn en el perìodo extraordinario V. La acciòn en el derecho español VI. La acciòn en el derecho francès Teorìa general de la acciòn VII. Diversas definiciones de la palabra acciòn VIII. Clasificaciòn de las definiciones de acciones IX. Discusiòn de las doctrinas relativas a la acciòn X.Discusiòn de la teorìa de Chiovenda XI. Discusiòn de la teorìa clàsica XII. De la clasificaciòn de las acciones XIII. Clasificaciòn de las acciones en el Derecho Mexicano, reales y personales XIV. La acciòn declarativa en el Derecho Mexicano XV. Acciones muebles o inmuebles XVI. Acciones de preservaciòn XVII. De los elementos formales de la acciòn XVIII. El interes en el ejercicio de la acciòn XIX. Principios relativos al ejercicio de la acciòn XX. Principios que completan la doctrina de las acciones XXI. No deben acumularse las acciones posesorias de las petitorias XXII. Principios constitucionales relacionados directamente con el ejercicio de las acciones XXIII. La teoria de Rocco en nuestra jurisprudencia Anàlisis de las acciones en particular XXIV. La acciòn reinvindicativa en el Derecho romano y en la legislaciòn española XXV. Duraciòn de la acciòn reinvindicatoria XXVI. De la competencia en los casos en que se ejerce la acciòn reivindicatoria XXVII. De la acciòn publiciana XXVIII. La acciòn publiciana en la legislaciòn española XXIX. Principios relativos de la acciòn publiciana XXX. De la acciòn confesoria XXXI. Objeto de la acciòn confesario XXXII. Acciòn negatoria. Antecedentes legislativos XXXIII. Principios jurìdicos relativos a la acciòn negatoria XXXIV. La prueba de la acciòn negatoria XXXV. Indivisibilidad de las acciones confesoria y negatoria XXXVI. La acciòn hipotecaria en la ley XXXVII. La acciòn hipotecaria en la jurisprudencia Acciòn de peticiòn de herencia XXXVIII. Textos legales y antecedentes històricos de la acciòn de peticiòn de herencia XXXIX. Acciòn de peticiòn de herencia XL. Acciones del estado civil XLI. La acciòn communi dividundo en el Derecho romano XLII. Principios relativos a la acciòn communi dividundo XLIII. De la acciòn de enriquecimiento sin causa XLIV. La acciòn para el otorgamiento de un contrato XLV. La acciòn de jactancia XLVI. Cuadro sinòptico de las acciones que no consideran especialmente el còdigo de procedimientos civiles | ||
| 650 |
_2LEMB _aTratado |
||
| 942 |
_cBK _2ddc |
||